| 000 | 00461nam a2200157 i 4500 | ||
|---|---|---|---|
| 001 | 57850 | ||
| 003 | ES-MaACL | ||
| 005 | 20230906163649.0 | ||
| 007 | t| | ||
| 008 | 031020s1913 sp ||||1| spa d | ||
| 100 | 1 |
_aDonapétry Yribarnégaray, Juan. _945289 |
|
| 245 | 1 | 0 |
_aSintesís del veronal _b: memoria / _cJuan Donapétry Iribarnégaray. |
| 260 |
_aMadrid : _bNicolás Moya, _c1913. |
||
| 300 |
_a49 p. : _bil. ; _c23 cm. |
||
| 852 |
_aES-MaACL _jT-1365-F-6 |
||
| 999 |
_c57850 _d57850 |
||